Quizzes
Events
Quiz Creation
Community
Videos
Private Events
Remove Ads
Sign In
Join for FREE
Feedback
Dark Mode
Quiz Categories
Sports
Geography
Music
Movies
Television
Just For Fun
Miscellaneous
History
Literature
Language
Science
Gaming
Entertainment
Religion
Holiday
For Kids
Quiz Lab
Recent
Popular Today
Quiz Kudos Today
Editor Picks
Curator Picks
Quizzes by...
Day
Popularity
Type
Ratings
Length
Year
Community
Subscriptions
Recent Discussions
Orange Saloon
Badges
Playlists
Quests
Create
Leaderboards
Showdown
Live 5
Trivia Bingo
Activity
Puzzle Library
Sporcle Events
Private Events
Virtual Trivia
Globe League
Become a Host
Pub Owners
SporcleCon
Opinionation
Our Games
Videos
Blog
Mobile Apps
Partnerships
Remove Ads and Go Orange
Feedback
Music
Pop Music
The Beatles
Song
Album
Lyrics
Bands
Singers
Artist
Clip
Rock
Rap
Classical
Billboard
Country Music
Kpop
Taylor Swift
Music
Pop Music
The Beatles
Song
Album
Lyrics
Bands
Singers
Artist
Clip
Rock
Rap
Classical
Billboard
Country Music
Kpop
Taylor Swift
Random Quiz
Search Sporcle
×
Quiz Lab
Quiz Lab
Music
phantom
Type in answers that appear in a list
Type in answers that appear in a list
Classic
Best Score? Go Orange.
The Phantom Of The Opera - All I Ask Of You (Reprise) Stats
Can you name all of the lyrics to 2004's The Phantom Of The Opera's All I Ask Of You (Reprise)?
By
wildanimal
5m
114 Questions
623 Plays
623 Plays
623 Plays
Comments
Comments
Give Quiz Kudos
Give Quiz Kudos
-
- Ratings
hide this ad
Replay
Link that replays current quiz
Next Quiz
Link to next quiz in quiz playlist
You Got
0%
They Got
Avg Score
86%
Avg Friend Score
Upgrade to see
Score Distribution
Jump to the score distribution portion of the page
Score
0/114
Timer
05:00
0
Plays Today
% Correct
I
99.2%
I
99.2%
I
99.2%
you.
99.2%
I
99.2%
you
99.2%
you.
99.2%
you
99.2%
I
99.2%
you.
99.2%
You
99.2%
you
99.2%
you!
99.2%
me
94.5%
me.
94.5%
me
94.5%
me.
94.5%
me.
94.5%
me
94.5%
me.
94.5%
me
94.5%
me
94.5%
All
94.4%
love
94.2%
love
94.2%
love
94.2%
the
93.9%
the
93.9%
the
93.9%
the
93.9%
of
93.6%
And
93.3%
and
93.3%
And
93.3%
and
93.3%
and
93.3%
that
92.3%
do.
91.3%
% Correct
Be
90.7%
be
90.7%
will
90.7%
will
90.7%
my
90.4%
your
89.6%
your
89.6%
day
89.6%
day
89.6%
with
89.4%
with
89.4%
with
89.4%
with
89.4%
Phantom
89.4%
gave
89.1%
Christine
88.6%
He
88.6%
he
88.6%
Christine...
88.6%
not
88.6%
asked
88.6%
music.
88.3%
did
88.3%
you'll
88%
You'll
88%
you'll
88%
you'll
88%
to
87%
take
86.2%
Say
86.2%
Say
86.2%
song
85.6%
now
85.4%
was
85.4%
how
84.9%
curse
84.9%
betrayed
84.8%
word
83.6%
% Correct
Made
83.3%
one
83.1%
one
83.1%
follow
83.1%
When
83%
sing.
83%
share
83%
Share
83%
each
83%
each
83%
each
83%
you've
82.8%
lifetime.
82.3%
heard
82.2%
wing.
82%
Denied
81.9%
night
80.4%
morning.
79.9%
bound
79.6%
repaid
78.7%
horses.
74.6%
at
74.2%
fine
73.2%
go
72.9%
them
72.2%
beside
72.1%
where
71.9%
door.
71.9%
guide
71.9%
am.
71.7%
Order
71.6%
must
71.1%
guard
70.5%
wonder
69.8%
they'll
69%
Raoul.
68.4%
soon
63.4%
Come
62.4%
Quiz Playlist
Details
Report
Send in Message
Add To Playlist
Classic:
Type in answers that appear in a list
Last Updated: Nov 28, 2019
Quiz Scoreboard
CHALLENGE
Sign Up to Join the Scoreboard
Show All
Scores
Hide
Comments
May contain spoilers
Recently Published
Popular People in 1961
by mucciniale
History
6m
1-10 Letter E Words III
by El_Dandy
Language
2m
One Thing in Common: World Cities II
by knightlancer
Geography
7m
More to Explore
Quiz From the Vault
Featured Blog Post
Where Did the Easter Bunny Come From?
hide this ad
You Might Also Like...
Tags
2004
ask
Opera
phantom
Today's Top Quizzes in Music
Browse Music
hide this ad
Today's Top Quizzes in phantom
Browse phantom
Top Contributed Quizzes in Music
1
Taylor Swift All Songs (2024)
2
2010s Album by Cover III
3
One Thing in Common: Music
4
Taylor Swift Logic Puzzle
5
Guess the Artist- 70s Songs
6
2010s Album by Cover IV
7
Guess the Taylor Swift song (Mystery Song)
8
2010s Album by Cover V
9
Lana Del Rey Discography (BTD to DYKTTATUOB)
10
2010s Album by Cover VI
Explore More
Trending Topics
Disney
Harry Potter
Anime
Kpop
Crossword
NBA
Marvel
Puzzle
Country
Soccer
NFL
WWE
Pokémon
The Office
Song
hide this ad
More By:
wildanimal
Quiz
Plays
Rating
Category
Featured
Created
Backstreet Boys - I Want It That Way
2,081
4.78
Music
Aug 3, 2016
The Nightmare Before Christmas - This Is Halloween
1,838
4.67
Music
Dec 7, 2016
*NSYNC - Bye Bye Bye
1,768
4.71
Music
Dec 16, 2016
All Time Low - Dear Maria Count Me In
1,706
4.13
Music
May 15, 2016
Backstreet Boys - Everybody (Backstreet's Back)
1,395
4.67
Music
Jul 12, 2016
Go to Creator's Profile
Score Distribution
Quiz Creator Spotlight
wildanimal
Follow
Send a Message
Quizzes Created
-
Created Quiz Play Count
-
More By This Creator
Popular Quizzes Today
1
Find the US States - No Outlines Minefield
2
Find the Countries of Europe - No Outlines Minefield
3
The Countries of the World
4
Popular People in 1961
5
1-10 Letter E Words III
6
US States
7
Find the US States
8
One Thing in Common: World Cities II
More Music Quizzes
Musicians by Fan Products
Published
Trending Quizzes
Risky Map Clicking: Least Populous States A-Z
1-10 Letter F Words
1-10 Letter G Words
One Thing in Common: United Kingdom
Risky Map Clicking: Next State Alphabetically
Recently Updated
Leaping Animals
pecheneg
Reality TV Shows (A-Z)
bhenderson79
Rickey Henderson's Hall of Fame Teammates
pecheneg
Champions League XIs: Arsenal
pecheneg
Quick Pick: Celebrities in WWE's Hall of Fame
aduchscher
A-Z Keypad Blitz II
pecheneg
Multiple Oscar Actors
pecheneg
Mystery Phrase Blitz: Oscar 'Best Actors'
pecheneg
F. Scott Fitzgerald Novels
LTH
Pick 3 Villains
ddd62291
Trending Topics
Crossword
Kpop
Disney
Marvel
Harry Potter
Anime
NBA
Song
Soccer
NFL
Country
Puzzle
WWE
Pokémon
The Office
Your Account Isn't Verified!
In order to create a playlist on Sporcle, you need to verify the email address you used during registration. Go to your
Sporcle Settings
to finish the process.
Report this User
Report this user for behavior that violates our
Community Guidelines
.
Details:
Send Report
Go to the Sporcle.com Mobile Site →
Comments